LDR 00661naa#a2200169#i#450# 001 EN\\bibl\120479 005 20260513182716.3 011 ## _a1998-6785 100 ## _a20220321b2022####ek#y0engy0150####ca 102 ## _aRU 200 1# _aComparative analysis of the effectiveness of Russian and Chinese scientific diplomacy on the development of the Arctic _eJournal article 210 1# _aVladivostok _cVladivostok State University _d2022 215 ## _a9 с. 608 ## _aJournal article _2local 675 ## _aМеждународные отношения. Мировая политика. Внешняя политика. 327 _z 700 #1 _aSabitova _gFariza F. 856 4# _aojkum.editorum.ru _u